Komparácia daňovej legislatívy SR s vybranými krajinami EÚ bakalárska práca

Salvato in:
Dettagli Bibliografici
Autore principale: Mitrová, Jana
Ente Autore: Podnikovohospodárska fakulta EU so sídlom v Košiciach. Katedra účtovníctva a financií
Altri autori: Simonidesová, Jana, 1968-
Natura: Libro
Lingua:slovacco
Pubblicazione: Košice 2011
Tags: Aggiungi Tag
Nessun Tag, puoi essere il primo ad aggiungerne!!

MARC

LEADER 00000nbm a2200000 4500
001 0139212
005 20161109111610.0
041 0 |a slo 
044 |a SK 
245 1 0 |a Komparácia daňovej legislatívy SR s vybranými krajinami EÚ  |b bakalárska práca  |c Jana Mitrová ; školiteľ: Jana Simonidesová 
264 1 |a Košice  |c 2011 
300 |a 67 s. 
100 1 |a Mitrová, Jana 
700 1 |a Simonidesová, Jana, 1968- 
710 2 |a Podnikovohospodárska fakulta EU so sídlom v Košiciach. Katedra účtovníctva a financií